| 000 | 00939nam a2200241Ia 4500 | ||
|---|---|---|---|
| 003 | IN-BaIIA | ||
| 008 | 211028s9999 xx 000 0 eng d | ||
| 020 | _a1-58381-053-6 | ||
| 040 | _cIIA Library | ||
| 080 |
_a082.2:52 _bASP-221 |
||
| 110 |
_aAstronomical Society of the Pacific _91154 |
||
| 111 |
_a2000 CTIO/ESO/LCO Joint Workshop _cLa Serena, Chile _d2000 Mar. 15-18 _924893 |
||
| 245 | 0 |
_aStars, gas and dust in galaxies _bexploring the links; proceedings of the 2000 CTIO/ESO/LCO Joint Workshop held in La Serena, Chile, March 15-18, 2000 _cedited by D. Alloin, Knut Olsen, and Gaspar Galaz |
|
| 260 |
_aCalifornia _bAstronomical Society of the Pacific _c2000 |
||
| 300 | _axvii, 308p. | ||
| 490 | _aASP conference series; v. 221 | ||
| 650 |
_agalaxies _91286 |
||
| 650 | _astar formation | ||
| 700 |
_aAlloin, Danielle, ed. _924894 |
||
| 700 |
_aGalaz, Gaspar, ed. _924895 |
||
| 700 |
_aOlsen, Knut, ed. _924896 |
||
| 942 | _cBK | ||
| 999 |
_c14139 _d14139 |
||